El lugar más bonito del mundo

Uloženo v:
Podrobná bibliografie
Hlavní autor: Cameron, Ann (Autor)
Médium: Kniha
Jazyk:španělština
Vydáno: Santiago Alfaguara 1996
Vydání:1a. ed
Edice:Colección Infantil
Témata:
Tagy: Přidat tag
Žádné tagy, Buďte první, kdo vytvoří štítek k tomuto záznamu!

MARC

LEADER 00000cam a2200000 a 4500
001 UCN6676
003 CL-VaPUC
008 011005e19960000CL |||||||||||||||||spa|d
020 |a 9562390578 
082 0 4 |a 813  |b CAM  |2 21 
100 0 |a Cameron, Ann  |e author  |9 462408 
245 1 3 |a El lugar más bonito del mundo 
250 |a 1a. ed 
300 |a 74 p 
942 |c BK 
945 |d 20011005 00:00:00  |a vberengu 
260 |a Santiago  |b Alfaguara  |c 1996 
500 |a Destinada para niños desde 8 años 
650 7 |a LITERATURA INFANTIL ESTADOUNIDENSE  |2 CL-VaPUC  |9 330335 
650 7 |a NOVELAS INFANTILES ESTADOUNIDENSES  |2 CL-VaPUC  |9 462409 
583 |a last modification  |c 20160412 10:08:41  |k Rodrigo Vera 
490 0 |a Colección Infantil 
999 |c 297365  |d 297363